| 000 | 00424nam a2200157 4500 | ||
|---|---|---|---|
| 001 | 123803 | ||
| 003 | ES-MaACL | ||
| 005 | 20230906192239.0 | ||
| 007 | t| | ||
| 008 | 070214s1965 sp r ||||1| spa d | ||
| 100 | 1 |
_aRamila, Javier. _995083 |
|
| 245 | 1 | 0 |
_aHombre a hombre / _cpor Xavier Ramila. |
| 260 |
_aBilbao : _b[s. n.], _c1965 ( _fJ. AusÃn) |
||
| 300 |
_a34 p. ; _c17 cm. |
||
| 852 |
_aES-MaACL _j2053-F-37 _bR.60444 |
||
| 999 |
_c123803 _d123803 |
||